00417nam a2200157Ia 45000010006000000050017000060080041000230410008000640820018000721000032000902450084001222600009002063000028002156500008002436540008002511864020260306171645.0260306s9999||||xx |||||||||||||| ||und|| aESP a658.4092bO66 aOriza Vargas, Jorge A.eAUT 0aDe jefe a líder:bliderazgo basado en la inteligencia emocional y los valores c2012 a160 páginas :c23 cm. aGEN aCAN